| 000 | 02078nam a22002657a 4500 | ||
|---|---|---|---|
| 001 | 29414 | ||
| 003 | UA-OsUOA | ||
| 005 | 20230504161222.0 | ||
| 007 | ta | ||
| 008 | 20041008b un ||||| |||| 00| 0 ukr d | ||
| 040 |
_aUA-OsUOA _bukr _cUA-OsUOA _dUA-OsUOA |
||
| 041 | _aukr | ||
| 044 | _aUA | ||
| 080 | _a94(477)15 | ||
| 090 |
_a94(477)15 _bС32 |
||
| 100 | _aСергійчук В. | ||
| 245 | _aТрагедія українців Польщі | ||
| 260 |
_aТернопіль _bТернопіль _c1997 |
||
| 300 | _a439 с. | ||
| 520 | _aП’ятдесят років тому комуністична влада Польщі вчинила катастрофічну наругу над українцями Лемківщини, Надсяння, Холмщини та Підляшшя, насильно переселивши їх із споконвічних батьківських земель на північно-західні території, що відійшли від Німеччини. З метою повної асиміляції близько 150 тисяч наших братів і сестер по крові було розселено по кілька сімей серед польського етносу. А перед цим, у 1944–1946 роках, 482 тисячі українців з вказаних етнічних земель нашого народу насильно відправили в Радянську Україну. Автор на основі численних документів і матеріалів показує процес освоєння українцями привісленських територій з часів Київської Русі, постійне прагнення тамтешньої людності жити спільно з Матір’ю – Україною, – аж до трагічних 1944–1947 років. | ||
| 650 | 7 | _2UDC | |
| 942 |
_cBK _2udc |
||
| 955 | _a0 | ||
| 999 |
_c315801 _d315801 |
||